| 000 | 00803nam a2200229 a 4500 | ||
|---|---|---|---|
| 001 | 000011374 | ||
| 005 | 20240412074225.0 | ||
| 008 | 091016s2001 dr a r 000 p spa d | ||
| 020 | _a9993401404 | ||
| 040 |
_aDO-SdBNP _bspa _cBNPHU |
||
| 082 |
_aRD862.44 _bB957t |
||
| 100 | 1 |
_aBurgos Acosta, Carlos, _d1965- _926990 |
|
| 245 | 1 | 0 |
_aTeatro bequete / _cCarlos Burgos Acosta; prólogo José Adolfo Pichardo. |
| 260 |
_aSanto Domingo : _bIsla Negra, _c2001. |
||
| 300 |
_a210 p. : _bil. ; _c22 cm. |
||
| 500 | _aIncluye datos biográficos del autor en la solapa de la cubierta | ||
| 590 | _aInventariado, 2019 / DG | ||
| 650 | 0 |
_aTeatro dominicano _9637 |
|
| 650 | 0 |
_aLiteratura dominicana. _967 |
|
| 700 | 1 |
_aPichardo, José Adolfo, _d1964- _epról. _926369 |
|
| 910 | _aValidado. Control de calidad. MFF | ||
| 999 |
_c11081 _d11081 |
||